Fundamentals of physics / (Record no. 57019)

MARC details
000 -LEADER
fixed length control field 00773nam a22002177a 4500
005 - DATE AND TIME OF LATEST TRANSACTION
control field 20110927101015.0
010 ## - LCCN (DPL NO)
LC control number G-001543
020 ## - INTERNATIONAL STANDARD BOOK NUMBER
Terms of availability 750.00
International Standard Book Number 8186299009
035 1d - SYSTEM CONTROL NUMBER
System control number G-001543
037 ## - SOURCE OF ACQUISITION
Source of stock number/acquisition Gift
082 ## - DEWEY DECIMAL CLASSIFICATION NUMBER
Classification number 530
100 ## - MAIN ENTRY--PERSONAL NAME
Personal name Halliday, David
245 ## - TITLE STATEMENT
Title Fundamentals of physics /
Statement of responsibility, etc by David Halliday, Robert Resnick [and] Jearl Walker
260 ## - PUBLICATION, DISTRIBUTION, ETC. (IMPRINT)
Place of publication, distribution, etc New Delhi
Name of publisher, distributor, etc Asian Books
Date of publication, distribution, etc 1993
300 ## - PHYSICAL DESCRIPTION
Extent various pagings
Dimensions 25cm(pbk)
700 ## - ADDED ENTRY--PERSONAL NAME
Personal name Resnick, Robert
9 (RLIN) 34892
700 ## - ADDED ENTRY--PERSONAL NAME
Personal name Walker, Jearl
9 (RLIN) 34893
942 ## - ADDED ENTRY ELEMENTS (KOHA)
Source of classification or shelving scheme Dewey Decimal Classification
Item type English Books
Classification part 530
Call number suffix HAL
Holdings
Withdrawn status Lost status Not for loan Collection code Home library Current library Date acquired Source of acquisition Cost, normal purchase price Full call number Barcode Copy number Cost, replacement price Koha item type
      Non-fiction Janak Puri Janak Puri 27/09/2011 gift 750.00 530 HAL G-001543 1 750.00 English Books

© Delhi Public Library
Hit Counter
free hit counter